Archivo ibero-americano : revista trimestral de estudios históricos : segunda época : enero-junio 1955 /
Esta es una publicación editada acerca de la religión católica y la historia, se enfocan principalmente a América y España.
I tiakina i:
| Hōputu: | Pukapuka |
|---|---|
| Reo: | Pāniora |
| Ngā marau: | |
| Ngā Tūtohu: |
Kāore He Tūtohu, Me noho koe te mea tuatahi ki te tūtohu i tēnei pūkete!
|
MARC
| LEADER | 00000nam^a2200000^a^4500 | ||
|---|---|---|---|
| 001 | 000134703 | ||
| 005 | 20250521000000.0 | ||
| 009 | 20260310095218.424 | ||
| 037 | |a Acervo ITESO - Biblioteca | ||
| 041 | |a ESP | ||
| 082 | |a 980. 005 |b ARC 1955 V. 57-58 | ||
| 240 | 1 | 1 | |a [Archivo ibero-americano] |
| 245 | 0 | 0 | |a Archivo ibero-americano : |b revista trimestral de estudios históricos : segunda época : enero-junio 1955 / |
| 264 | |a Madrid, España : |b Joaquín Costa, |c 1955 | ||
| 300 | |a 617 p. | ||
| 336 | |a texto |b txt |2 rdacontenido | ||
| 337 | |a sin mediación |b n |2 rdamedio | ||
| 338 | |a volumen |b nc |2 rdasoporte | ||
| 520 | |a Esta es una publicación editada acerca de la religión católica y la historia, se enfocan principalmente a América y España. | ||
| 649 | |a XX | ||
| 650 | |a América - |x Historia - |x Publicaciones Periódicas | ||
| 650 | |a España - |x Historia - |x Publicaciones Periódicas | ||
| 650 | |a Religión - |z Sevilla, España - |x Historia - |y Felipe III, 1598-1621 | ||
| 650 | |a Religión - |z España - |x Historia - |y Felipe III, 1598-1621 | ||
| 650 | |a Sevilla, España - |x Historia - |y Felipe III, 1598-1621 | ||
| 650 | |a España - |x Historia - |y Felipe III, 1598-1621 | ||
| 650 | |a Franciscanos en España - |x Historia | ||
| 650 | |a Monasticismo y Ordenes Religiosas - |z España - |x Historia | ||
| 650 | |a Virgen María - |z España - |x Culto | ||
| 650 | |a Iglesia Católica en España - |x Historia | ||
| 650 | |a Catolicismo - |z España - |x Historia | ||
| 650 | |a Cristianismo - |z España - |x Historia | ||
| 650 | |a Religión - |z España - |x Historia | ||
| 650 | |a España - |x Historia | ||
| 910 | |a Fondo Salvador Reynoso Reynoso | ||
| 920 | |a Impresos - Libros | ||
| 930 | |a Fondos Especiales | ||
| 905 | |a 112 | ||
| 901 | |a 0800013283 |b IT2 |c ESP |u 20250521 | ||
| 902 | |a https://opac.biblio.iteso.mx/vufind/Record/000134703 | ||